[Event "LSS No Engine Cup 185 Preliminary 0"]
[Site "LSS email"]
[Date "2018.12.28"]
[Round "?"]
[White "Lonyuk, Bohdan"]
[Black "Vogel, Helmut"]
[Result "0-1"]
[WhiteElo "1551"]
[BlackElo "1877"]
[PlyCount "64"]
[EventDate "2018.12.29"]
[EventType "tourn (corr)"]
[EventRounds "6"]
[EventCountry "GER"]
[SourceTitle "Corr 2022"]
[Source "ChessBase"]
[SourceDate "2021.10.24"]
[SourceVersion "1"]
[SourceVersionDate "2021.10.24"]
[SourceQuality "1"]

1. e4 e5 2. f4 exf4 3. Nf3 g5 4. d4 d6 5. Nc3 Bd7 6. Bc4 h6 7. g3 c6 8. gxf4 g4 9. Nd2 Bg7 10. Nf1 Ne7 11. Be3 d5 12. Bb3 dxe4 13. Nxe4 0-0 14. Qd3 Na6 15. a3 Nc7 16. 0-0-0 Ncd5 17. Neg3 Re8 18. Nh5 Qc7 19. Nfg3 Nxe3 20. Qxe3 Nd5 21. Qd2 Bh8 22. f5 Qd6 23. c4 Ne3 24. c5 Qe7 25. Rde1 Qg5 26. h4 gxh3 27. Rxh3 Bxd4 28. Kb1 Bxf5+ 29. Nxf5 Nxf5 30. Rxe8+ Rxe8 31. Qb4 Qg2 32. Nf4 Qxb2# 0-1

[Event "LSS No Engine Cup 185 Preliminary 0"]
[Site "LSS email"]
[Date "2018.12.28"]
[Round "?"]
[White "Mostowik, Pawel"]
[Black "Vogel, Helmut"]
[Result "1-0"]
[WhiteElo "2126"]
[BlackElo "1877"]
[PlyCount "109"]
[EventDate "2018.12.29"]
[EventType "tourn (corr)"]
[EventRounds "6"]
[EventCountry "GER"]
[SourceTitle "Corr 2022"]
[Source "ChessBase"]
[SourceDate "2021.10.24"]
[SourceVersion "1"]
[SourceVersionDate "2021.10.24"]
[SourceQuality "1"]

1. e4 e5 2. Nf3 Nc6 3. Bb5 a6 4. Ba4 Nf6 5. 0-0 Be7 6. Re1 b5 7. Bb3 0-0 8. h3 Bb7 9. d3 d6 10. a4 Na5 11. Ba2 c5 12. Nbd2 Bc8 13. Nf1 bxa4 14. Ne3 Rb8 15. Bd2 Nc6 16. Bc4 Rxb2 17. Rxa4 Rb6 18. Qa1 Qd7 19. Bxa6 Rxa6 20. Rxa6 Bxa6 21. Qxa6 Rb8 22. Nc4 h6 23. Ra1 Kh7 24. c3 Bd8 25. Qa2 Kg8 26. Be1 Kf8 27. Ne3 Rb7 28. Qd2 Rb8 29. Qd1 Kg8 30. Ra6 Rb6 31. Ra8 Rb8 32. Rxb8 Nxb8 33. Nd2 g6 34. Nec4 Nc6 35. Ne3 Nb8 36. Ndc4 Nc6 37. Qa4 Qc7 38. Qa6 Qd7 39. Bd2 Qc7 40. g3 h5 41. h4 Be7 42. Nd5 Nxd5 43. exd5 Nb8 44. Qb5 Qd8 45. Bg5 f6 46. Bd2 Kg7 47. Na5 Nd7 48. Nc6 Qe8 49. c4 Kf7 50. Qb7 Kg8 51. Qc7 Bf8 52. Nd8 f5 53. Be3 Nf6 54. Bg5 Be7 55. Nc6 1-0